Loading...
| History - American | 2 | 3 | 2 | 0 | 50 | 61 | 111.20 | 1 | 2 | 10.14 | 24.23 |
| Fine Arts - Other Arts | 1 | 3 | 0 | 1 | 45 | 84 | 127.75 | 0 | 1 | 6.23 | 19.99 |
| Modern World | 0 | 4 | 0 | 2 | 40 | 96 | 120.00 | 0 | 0 | 8.45 | 16.35 |
| Religion | 0 | 3 | 0 | 1 | 30 | 146 | 153.33 | 0 | 0 | 0.75 | 5.98 |
| Philosophy | 0 | 2 | 0 | 0 | 20 | 143 | 145.50 | 0 | 0 | 0.74 | 7.00 |
| Literature - European | 0 | 2 | 1 | 0 | 15 | 135 | 141.00 | 0 | 0 | 0.91 | 6.45 |
| Fine Arts - Classical Music and Opera | 0 | 1 | 0 | 0 | 10 | 152 | 152.00 | 0 | 0 | 0.10 | 0.59 |
| Fine Arts - Painting and Sculpture | 0 | 1 | 0 | 0 | 10 | 155 | 155.00 | 0 | 0 | 0.05 | 1.03 |
| Geography | 0 | 1 | 0 | 1 | 10 | 144 | 144.00 | 0 | 0 | 0.17 | 6.67 |
| History - Other | 0 | 1 | 0 | 0 | 10 | 116 | 116.00 | 0 | 0 | 1.32 | 3.59 |
| Literature - World | 0 | 1 | 0 | 0 | 10 | 157 | 157.00 | 0 | 0 | 0.05 | 1.54 |
| Other Science (Computer Science) | 0 | 1 | 0 | 0 | 10 | 118 | 118.00 | 0 | 0 | 7.28 | 15.56 |
| Other Science (Earth Science) | 0 | 1 | 0 | 1 | 10 | 138 | 138.00 | 0 | 0 | 0.36 | 3.33 |
| Other Science (Engineering) | 0 | 1 | 0 | 0 | 10 | 130 | 130.00 | 0 | 0 | 9.09 | 33.33 |
| Science - Physics | 0 | 1 | 0 | 0 | 10 | 144 | 144.00 | 0 | 0 | 0.53 | 4.20 |
| Literature - British | 0 | 1 | 1 | 0 | 5 | 142 | 142.00 | 0 | 0 | 0.41 | 1.03 |
| History - European | 0 | 1 | 1 | 0 | 5 | 142 | 142.00 | 0 | 0 | 0.46 | 5.13 |
| History - World | 0 | 0 | 0 | 0 | 0 | 0.00 | 0 | 0 | 0.00 | 0.00 | |
| Science - Chemistry | 0 | 0 | 1 | 0 | -5 | 0.00 | 0 | 0 | 0.00 | 0.00 | |
| Literature - American | 0 | 0 | 1 | 0 | -5 | 0.00 | 0 | 0 | 0.00 | 0.00 | |
| Other Academic | 0 | 0 | 1 | 0 | -5 | 0.00 | 0 | 0 | 0.00 | 0.00 | |
| Social Science | 0 | 0 | 2 | 0 | -10 | 0.00 | 0 | 0 | 0.00 | 0.00 |